000
00367nam a22001457a 4500
005
20160222143728.0
008
160222b xxu||||| |||| 00| 0 eng d
040
_c
PK-LaUMT
082
_a
AMC 955
_b
SIB-I
100
_a
سیط حسن
245
_a
انقلاب ایران
_c
سیط حسن
260
_a
لاہور
_b
دانیال
_c
1983
300
_a
407 ص
942
_c
BK
999
_c
83053
_d
83053